Statistics for Guardians of the Galaxy Holiday Special Characters

Click here to take the quiz!

General Stats

  • This quiz has been taken 79 times
  • The average score is 10 of 11

Answer Stats

HintAnswer% Correct
Tree-like GuardianGroot
100%
Raccoon GuardianRocket
100%
Guardian who doesn’t understand metaphorsDrax
98%
Leader of the GuardiansStar Lord
98%
Guardian empathMantis
95%
Man the above two kidnappedKevin Bacon
93%
Above’s real namePeter Quill
92%
Gave Bucky’s arm to RocketNebula
85%
Dog with telekinesisCosmo the Space Dog
73%
Guardian who took Kevin Bacon homeKraglin
68%
‘Ruined’ ChristmasYondu Udonta
52%

Score Distribution

Percentile by Number Answered

Percent of People with Each Score

Your Score History

You have not taken this quiz